[Event "RN-2014-0-00832"]
[Site "LSS email"]
[Date "2014.08.08"]
[Round "?"]
[White "Billion, Paul"]
[Black "Lombardi, Donato"]
[Result "0-1"]
[WhiteElo "725"]
[BlackElo "750"]
[PlyCount "76"]
[EventDate "2014.07.29"]
[EventType "tourn (corr)"]
[EventRounds "6"]
[EventCountry "GER"]
[SourceTitle "Corr 2015"]
[Source "ChessBase"]
[SourceDate "2015.07.17"]
[SourceVersion "1"]
[SourceVersionDate "2015.07.17"]
[SourceQuality "1"]

1. b4 Nf6 2. Bb2 e6 3. a3 d5 4. Nf3 Bd6 5. d3 0-0 6. Nbd2 Re8 7. e3 Nbd7 8. Be2 c5 9. 0-0 Qc7 10. d4 c4 11. c3 b5 12. Qc2 a5 13. h3 axb4 14. axb4 Bb7 15. Ng5 h6 16. Ngf3 e5 17. dxe5 Bxe5 18. Rfe1 Nb6 19. Nd4 Bc6 20. N4f3 Na4 21. Nh4 Rad8 22. Ndf3 Bd6 23. Bd1 Be5 24. Qe2 Nxc3 25. Bxc3 Bxc3 26. Bc2 Bxa1 27. Rxa1 d4 28. Qd1 dxe3 29. Qe2 exf2+ 30. Qxf2 Qf4 31. Ra6 Bxf3 32. Nxf3 Qc1+ 33. Kh2 Nd5 34. Nd4 Qf4+ 35. Qg3 Qxd4 36. Rxh6 Qf4 37. Rh7 Qxg3+ 38. Kxg3 Nxb4 0-1

[Event "RN-2014-0-00832"]
[Site "LSS email"]
[Date "2014.08.07"]
[Round "?"]
[White "Vaculik, Jakub"]
[Black "Billion, Paul"]
[Result "1-0"]
[WhiteElo "856"]
[BlackElo "725"]
[PlyCount "71"]
[EventDate "2014.07.29"]
[EventType "tourn (corr)"]
[EventRounds "6"]
[EventCountry "GER"]
[SourceTitle "Corr 2015"]
[Source "ChessBase"]
[SourceDate "2015.07.17"]
[SourceVersion "1"]
[SourceVersionDate "2015.07.17"]
[SourceQuality "1"]

1. e4 e5 2. Nf3 Nc6 3. Nc3 Nf6 4. Be2 Bb4 5. 0-0 0-0 6. d3 a6 7. Bd2 d6 8. a3 Ba5 9. h3 b5 10. b4 Bb6 11. Nd5 Ba7 12. Nxf6+ Qxf6 13. c3 Qg6 14. Kh2 f5 15. exf5 Bxf5 16. Nh4 Qe6 17. Nxf5 Qxf5 18. Bf3 Qd7 19. Bd5+ Kh8 20. Qg4 Qe8 21. Qe4 Bxf2 22. Bxc6 Qf7 23. Qe2 Rab8 24. Be3 Qb3 25. Bxf2 Qxc3 26. Be4 Qb3 27. Qh5 h6 28. Qg6 Qg8 29. Be3 Rbe8 30. Rf2 Rxf2 31. Bxf2 Re6 32. Qg4 Rf6 33. Bh4 Rf4 34. Qh5 Qf8 35. Qg6 Qg8 36. Be7 1-0

[Event "BI-2014-P-0011"]
[Site "LSS email"]
[Date "2014.04.19"]
[Round "?"]
[White "Seiler, Peter"]
[Black "Billion, Paul"]
[Result "1-0"]
[WhiteElo "1905"]
[BlackElo "725"]
[PlyCount "79"]
[EventDate "2014.04.25"]
[EventType "tourn (corr)"]
[EventRounds "10"]
[EventCountry "GER"]
[SourceTitle "Corr 2015"]
[Source "ChessBase"]
[SourceDate "2015.07.17"]
[SourceVersion "1"]
[SourceVersionDate "2015.07.17"]
[SourceQuality "1"]

1. e4 e5 2. Nf3 Nc6 3. Bc4 Bc5 4. c3 Nf6 5. b4 Bb6 6. d3 0-0 7. a4 a6 8. Nbd2 d6 9. 0-0 Bg4 10. h3 Bh5 11. a5 Ba7 12. Re1 h6 13. Nf1 Ne7 14. Ng3 Bg6 15. Bd2 Nh5 16. Nf1 Kh8 17. Nh4 Nf6 18. Qf3 Nc6 19. Ng3 Ne7 20. Bxh6 gxh6 21. Qxf6+ Kh7 22. Nhf5 Nxf5 23. Qxd8 Raxd8 24. exf5 Bxf5 25. Nxf5 f6 26. d4 d5 27. Bb3 c6 28. dxe5 fxe5 29. Rxe5 Rd7 30. Rae1 Rdf7 31. Bc2 Kh8 32. g4 h5 33. g5 Bb8 34. Re8 Bf4 35. Nh6 Bh2+ 36. Kxh2 Rxf2+ 37. Kg3 R2f3+ 38. Kh4 Rxe8 39. Rxe8+ Kg7 40. Rg8# 1-0

[Event "LSS No Engine Cup 102 Preliminary 4"]
[Site "LSS email"]
[Date "2014.01.09"]
[Round "?"]
[White "Billion, Paul"]
[Black "Korinek, Jaroslav"]
[Result "0-1"]
[WhiteElo "789"]
[BlackElo "1643"]
[PlyCount "32"]
[EventDate "2014.01.10"]
[EventType "tourn (corr)"]
[EventRounds "6"]
[EventCountry "GER"]
[SourceTitle "Telechess CBM 167"]
[Source "ChessBase"]
[SourceDate "2015.07.13"]
[SourceVersion "1"]
[SourceVersionDate "2015.07.13"]
[SourceQuality "1"]

1. d4 Nf6 2. c4 e6 3. Nc3 Bb4 4. Nf3 d6 5. Bg5 0-0 6. Qc2 Nbd7 7. e4 h6 8. Bd2 c5 9. d5 Bxc3 10. Bxc3 exd5 11. cxd5 Nxe4 12. Bd3 Nxc3 13. bxc3 Re8+ 14. Be2 Qe7 15. c4 Nb6 16. Rb1 Bf5 0-1

[Event "LSS No Engine Cup 102 Preliminary 4"]
[Site "LSS email"]
[Date "2014.01.09"]
[Round "?"]
[White "Buchaillot, Luis Mario"]
[Black "Billion, Paul"]
[Result "1-0"]
[WhiteElo "1753"]
[BlackElo "789"]
[PlyCount "69"]
[EventDate "2014.01.10"]
[EventType "tourn (corr)"]
[EventRounds "6"]
[EventCountry "GER"]
[SourceTitle "Telechess CBM 167"]
[Source "ChessBase"]
[SourceDate "2015.07.13"]
[SourceVersion "1"]
[SourceVersionDate "2015.07.13"]
[SourceQuality "1"]

1. e4 e5 2. Nf3 Nc6 3. Bb5 Nge7 4. Nc3 d6 5. 0-0 Bd7 6. d4 exd4 7. Nxd4 Nxd4 8. Bxd7+ Qxd7 9. Qxd4 Nc6 10. Qc4 Be7 11. Nd5 0-0 12. b3 h6 13. Bb2 Rac8 14. Qc3 Ne5 15. f4 c6 16. Nxe7+ Qxe7 17. fxe5 d5 18. Rad1 Qe6 19. Qd4 Rcd8 20. exd5 Rxd5 21. Qxa7 Rxd1 22. Rxd1 Qg4 23. Qd4 Qe6 24. a4 h5 25. Qd7 Qg6 26. Ba3 Ra8 27. Qxb7 Re8 28. Bd6 Qxc2 29. Rf1 Qg6 30. a5 h4 31. a6 h3 32. Qxc6 Re6 33. a7 Re8 34. Qxe8+ Kh7 35. a8Q 1-0

[Event "RN-2013-0-00747"]
[Site "LSS email"]
[Date "2014.01.01"]
[Round "?"]
[White "Billion, Paul"]
[Black "Colibaba, Alexandr"]
[Result "0-1"]
[WhiteElo "918"]
[BlackElo "2032"]
[PlyCount "48"]
[EventDate "2013.12.25"]
[EventType "tourn (corr)"]
[EventRounds "6"]
[EventCountry "GER"]
[SourceTitle "Corr 2022"]
[Source "ChessBase"]
[SourceDate "2021.10.24"]
[SourceVersion "1"]
[SourceVersionDate "2021.10.24"]
[SourceQuality "1"]

1. d4 Nf6 2. c4 g6 3. Nc3 Bg7 4. e4 0-0 5. Be3 d6 6. Nf3 e5 7. d5 Ng4 8. Bd2 f5 9. Be2 Nxf2 10. Kxf2 fxe4 11. Nxe4 Qh4+ 12. Kg1 Qxe4 13. Rc1 Qf5 14. Bc3 Bh6 15. Bd2 Bxd2 16. Qxd2 e4 17. Rf1 exf3 18. Rxf3 Qb1+ 19. Bd1 Rxf3 20. gxf3 Nd7 21. Kg2 Ne5 22. b3 Qf5 23. Rf1 Qh3+ 24. Kh1 Qxf1# 0-1

[Event "RN-2013-0-00747"]
[Site "LSS email"]
[Date "2014.01.01"]
[Round "?"]
[White "Billion, Paul"]
[Black "Narkun, Malgorzata"]
[Result "0-1"]
[WhiteElo "791"]
[BlackElo "1380"]
[PlyCount "42"]
[EventDate "2013.12.25"]
[EventType "tourn (corr)"]
[EventRounds "6"]
[EventCountry "GER"]
[SourceTitle "Telechess CBM 167"]
[Source "ChessBase"]
[SourceDate "2015.07.13"]
[SourceVersion "1"]
[SourceVersionDate "2015.07.13"]
[SourceQuality "1"]

1. d4 f5 2. c4 Nf6 3. Nc3 g6 4. Bg5 Bg7 5. Nf3 c5 6. d5 d6 7. Qc2 Ne4 8. Bh4 Qa5 9. Rc1 b5 10. e3 Na6 11. Bd3 Nb4 12. Qb3 Nxd3+ 13. Kd1 bxc4 14. Qb5+ Qxb5 15. Nxb5 Rb8 16. Nxa7 Ba6 17. Nc6 Rxb2 18. Nxe7 c3 19. Nc6 c2+ 20. Rxc2 Rb1+ 21. Ke2 Nf4# 0-1

[Event "SN-2013-0-00547"]
[Site "LSS email"]
[Date "2013.10.24"]
[Round "?"]
[White "Meyer, Frank"]
[Black "Billion, Paul"]
[Result "1-0"]
[WhiteElo "553"]
[BlackElo "789"]
[PlyCount "79"]
[EventDate "2013.10.06"]
[EventType "tourn (corr)"]
[EventRounds "6"]
[EventCountry "GER"]
[SourceTitle "Telechess CBM 167"]
[Source "ChessBase"]
[SourceDate "2015.07.13"]
[SourceVersion "1"]
[SourceVersionDate "2015.07.13"]
[SourceQuality "1"]

1. d4 Nf6 2. c4 g6 3. Nf3 Bg7 4. Nc3 0-0 5. e3 c6 6. Be2 d5 7. cxd5 cxd5 8. 0-0 Nc6 9. Bd2 a6 10. a3 e6 11. Rc1 Qc7 12. Na4 Bd7 13. Nc5 Qb8 14. Nxd7 Nxd7 15. b4 Nf6 16. Qb3 Ne7 17. Rc2 Ne4 18. Rfc1 Nf5 19. Be1 Nf6 20. Ne5 Nd6 21. Rc7 Nfe4 22. Nd7 Qd8 23. Nxf8 Qxf8 24. f3 Nf6 25. Bg3 Nfe8 26. R7c2 b5 27. a4 h5 28. h4 Nf6 29. Bxd6 Qxd6 30. axb5 axb5 31. Bxb5 Qg3 32. Rc8+ Rxc8 33. Rxc8+ Kh7 34. Bf1 Ng8 35. b5 Nh6 36. b6 Nf5 37. b7 Nxh4 38. Qd1 e5 39. b8Q exd4 40. Qxg3 1-0

[Event "SN-2013-0-00547"]
[Site "LSS email"]
[Date "2013.10.24"]
[Round "?"]
[White "Pehl, Ferenc"]
[Black "Billion, Paul"]
[Result "1-0"]
[WhiteElo "941"]
[BlackElo "789"]
[PlyCount "125"]
[EventDate "2013.10.06"]
[EventType "tourn (corr)"]
[EventRounds "6"]
[EventCountry "GER"]
[SourceTitle "Telechess CBM 167"]
[Source "ChessBase"]
[SourceDate "2015.07.13"]
[SourceVersion "1"]
[SourceVersionDate "2015.07.13"]
[SourceQuality "1"]

1. e4 e5 2. Nf3 Nc6 3. Bc4 Bc5 4. c3 Nf6 5. d3 0-0 6. 0-0 a6 7. b4 Ba7 8. h3 d6 9. Ng5 Bd7 10. Nxf7 Rxf7 11. Bxf7+ Kxf7 12. Kh2 Kg8 13. Bg5 Qe7 14. f4 Rf8 15. f5 Qf7 16. Nd2 d5 17. Qe2 b5 18. Nf3 dxe4 19. dxe4 Ne7 20. Nxe5 Qe8 21. Nxd7 Qxd7 22. Rad1 Qc6 23. Bxf6 Qxf6 24. Qd3 Kh8 25. c4 Nc6 26. a3 h6 27. cxb5 Ne5 28. Qd5 Ng4+ 29. Kh1 Qh4 30. Qd3 axb5 31. Rd2 Ne5 32. Qxb5 Ng4 33. Qe2 Ne5 34. Rfd1 Qg3 35. Rd8 Rxd8 36. Rxd8+ Kh7 37. Rd1 Bb6 38. a4 c6 39. Qe1 Qb3 40. a5 Ba7 41. Rb1 Qf7 42. b5 cxb5 43. Rxb5 Nd3 44. Qb1 Nf2+ 45. Kh2 Qc7+ 46. g3 Nd3 47. Qxd3 Qc1 48. Rb1 Qc5 49. Qd2 h5 50. h4 Qc4 51. Re1 Bb8 52. Kh3 Qb3 53. Re3 Qb1 54. Qe1 Qc2 55. Qe2 Qc1 56. Qxh5+ Kg8 57. Rf3 Qh1+ 58. Kg4 Qa1 59. Qe8+ Kh7 60. Qxb8 Qxa5 61. f6 Qa6 62. Qe5 Qc8+ 63. Qf5+ 1-0

[Event "SN-2013-0-00547"]
[Site "LSS email"]
[Date "2013.10.22"]
[Round "?"]
[White "Billion, Paul"]
[Black "Newton, Daryl"]
[Result "1-0"]
[WhiteElo "789"]
[BlackElo "531"]
[PlyCount "67"]
[EventDate "2013.10.06"]
[EventType "tourn (corr)"]
[EventRounds "6"]
[EventCountry "GER"]
[SourceTitle "Telechess CBM 167"]
[Source "ChessBase"]
[SourceDate "2015.07.13"]
[SourceVersion "1"]
[SourceVersionDate "2015.07.13"]
[SourceQuality "1"]

1. c4 c5 2. Nc3 Nf6 3. Nf3 e6 4. g3 Bd6 5. Bg2 a6 6. a4 Nc6 7. 0-0 Ne5 8. d3 Rb8 9. Ng5 b5 10. axb5 axb5 11. b3 bxc4 12. bxc4 h5 13. Nce4 h4 14. Nxd6+ Ke7 15. Nde4 Re8 16. Ba3 d6 17. Qd2 hxg3 18. fxg3 Neg4 19. Qf4 e5 20. Qf3 Rh8 21. Bh3 Rxh3 22. Nxh3 Qh8 23. Nxf6 Nxf6 24. Ng5 Qh6 25. Ne4 Bd7 26. Nxf6 gxf6 27. Bc1 Qh3 28. Qxf6+ Ke8 29. Qxf7+ Kd8 30. Ra6 Qg4 31. Qf8+ Kc7 32. Qxd6+ Kc8 33. Rf8+ Kb7 34. Qb6# 1-0

[Event "RN-2013-0-00715"]
[Site "LSS email"]
[Date "2013.10.21"]
[Round "?"]
[White "Bester, Kazimierz"]
[Black "Billion, Paul"]
[Result "1-0"]
[WhiteElo "686"]
[BlackElo "783"]
[PlyCount "51"]
[EventDate "2013.10.13"]
[EventType "tourn (corr)"]
[EventRounds "6"]
[EventCountry "GER"]
[SourceTitle "Telechess CBM 167"]
[Source "ChessBase"]
[SourceDate "2015.07.13"]
[SourceVersion "1"]
[SourceVersionDate "2015.07.13"]
[SourceQuality "1"]

1. f4 d5 2. Nf3 c5 3. e3 Nc6 4. Bb5 Bd7 5. 0-0 e6 6. c3 Nf6 7. Be2 Bd6 8. d4 0-0 9. Ne5 cxd4 10. exd4 a6 11. Nd2 b5 12. Qe1 Qc7 13. a3 Na5 14. b4 Nb7 15. Qg3 a5 16. Bb2 Qd8 17. Rf3 axb4 18. cxb4 Bc7 19. Bd3 Nd6 20. Nb3 Bb6 21. Nc5 Nc4 22. Bc1 Qe7 23. Qh3 h6 24. Rg3 Nxe5 25. fxe5 Rac8 26. Bxh6 1-0

[Event "LSS No Engine Cup 91 Preliminary 2"]
[Site "LSS email"]
[Date "2013.07.13"]
[Round "?"]
[White "Billion, Paul"]
[Black "Buchaillot, Luis Mario"]
[Result "0-1"]
[WhiteElo "784"]
[BlackElo "1773"]
[PlyCount "30"]
[EventDate "2013.07.14"]
[EventType "tourn (corr)"]
[EventRounds "6"]
[EventCountry "GER"]
[SourceTitle "Corr 2015"]
[Source "ChessBase"]
[SourceDate "2015.07.17"]
[SourceVersion "1"]
[SourceVersionDate "2015.07.17"]
[SourceQuality "1"]

1. d4 Nf6 2. c4 e5 3. dxe5 Ng4 4. Nf3 Bc5 5. e3 Nc6 6. Nc3 Ngxe5 7. Be2 d6 8. 0-0 Nxf3+ 9. Bxf3 Ne5 10. b3 0-0 11. Qc2 Nxf3+ 12. gxf3 Bh3 13. Ne4 Re8 14. f4 Qd7 15. Ng5 Qg4+ 0-1

[Event "LSS No Engine Cup 91 Preliminary 2"]
[Site "LSS email"]
[Date "2013.07.13"]
[Round "?"]
[White "Billion, Paul"]
[Black "Kolanek, Roman"]
[Result "0-1"]
[WhiteElo "784"]
[BlackElo "1979"]
[PlyCount "70"]
[EventDate "2013.07.14"]
[EventType "tourn (corr)"]
[EventRounds "6"]
[EventCountry "GER"]
[SourceTitle "Telechess CBM 163"]
[Source "ChessBase"]
[SourceDate "2014.11.11"]
[SourceVersion "2"]
[SourceVersionDate "2014.11.11"]
[SourceQuality "1"]

1. d4 Nf6 2. c4 e6 3. Nc3 d5 4. Nf3 Be7 5. cxd5 exd5 6. e3 0-0 7. Qc2 Be6 8. Bd3 c5 9. 0-0 c4 10. Be2 Nc6 11. a3 Na5 12. e4 Nxe4 13. Nxe4 dxe4 14. Qxe4 Nb3 15. Rb1 Bd5 16. Qg4 Bf6 17. Be3 Re8 18. Rfe1 Re4 19. Qg3 h5 20. Nd2 Rxe3 21. Qxe3 Bxd4 22. Qf4 g5 23. Qg3 h4 24. Qg4 Be6 25. Qh5 Nxd2 26. Rbd1 Bxf2+ 27. Kh1 Bxe1 28. Rxe1 Qe7 29. Bd1 Rd8 30. Bc2 Qf6 31. a4 h3 32. Qh7+ Kf8 33. a5 hxg2+ 34. Kxg2 Bd5+ 35. Kg1 Qd4+ 0-1

[Event "LSS No Engine Cup 89 Preliminary 0"]
[Site "LSS email"]
[Date "2013.06.14"]
[Round "?"]
[White "Billion, Paul"]
[Black "Husemann, Andreas"]
[Result "0-1"]
[WhiteElo "1179"]
[BlackElo "2116"]
[PlyCount "26"]
[EventDate "2013.06.15"]
[EventType "tourn (corr)"]
[EventRounds "6"]
[EventCountry "GER"]
[SourceTitle "Corr 2022"]
[Source "ChessBase"]
[SourceDate "2021.10.24"]
[SourceVersion "1"]
[SourceVersionDate "2021.10.24"]
[SourceQuality "1"]

1. d4 Nf6 2. c4 g6 3. Nc3 d5 4. Nf3 Bg7 5. b3 0-0 6. Bg5 Ne4 7. Nxe4 dxe4 8. Ne5 f6 9. Nxg6 hxg6 10. Bh4 c5 11. d5 g5 12. Bg3 f5 13. h3 Qa5+ 0-1

[Event "SF-2013-0-00196"]
[Site "LSS email"]
[Date "2013.06.10"]
[Round "?"]
[White "Billion, Paul"]
[Black "Popov, Misha"]
[Result "0-1"]
[WhiteElo "795"]
[BlackElo "899"]
[PlyCount "60"]
[EventDate "2013.04.08"]
[EventType "tourn (corr)"]
[EventRounds "6"]
[EventCountry "GER"]
[SourceTitle "Telechess CBM 163"]
[Source "ChessBase"]
[SourceDate "2014.11.11"]
[SourceVersion "2"]
[SourceVersionDate "2014.11.11"]
[SourceQuality "1"]

1. Nf3 d5 2. g3 Nc6 3. d4 Bg4 4. Bg2 Nf6 5. 0-0 e6 6. Bg5 Be7 7. a3 h6 8. Bf4 0-0 9. Nbd2 Ne8 10. c4 dxc4 11. Ne5 Nxe5 12. Bxe5 c6 13. Nxc4 Nd6 14. Ne3 Bh5 15. b4 Bf6 16. Bxf6 Qxf6 17. Nc2 Nb5 18. Qd3 Rad8 19. e3 Bg6 20. Qd2 Nd6 21. a4 Ne4 22. Bxe4 Bxe4 23. Ne1 e5 24. Qe2 exd4 25. exd4 Rfe8 26. Rd1 Bg2 27. Qb2 Bxf1 28. Kxf1 Re4 29. Nc2 Qf3 30. b5 Qh1# 0-1

[Event "SF-2013-0-00196"]
[Site "LSS email"]
[Date "2013.06.10"]
[Round "?"]
[White "Grimm, Wolfgang"]
[Black "Billion, Paul"]
[Result "1-0"]
[WhiteElo "1175"]
[BlackElo "795"]
[PlyCount "111"]
[EventDate "2013.04.08"]
[EventType "tourn (corr)"]
[EventRounds "6"]
[EventCountry "GER"]
[SourceTitle "Telechess CBM 163"]
[Source "ChessBase"]
[SourceDate "2014.11.11"]
[SourceVersion "2"]
[SourceVersionDate "2014.11.11"]
[SourceQuality "1"]

1. c4 Nf6 2. Nc3 c5 3. Nf3 Nc6 4. d4 cxd4 5. Nxd4 e6 6. Nxc6 bxc6 7. e4 Bb4 8. Bd3 e5 9. 0-0 0-0 10. Be3 Bb7 11. Qf3 c5 12. Rac1 d6 13. Bg5 h6 14. Bh4 a6 15. a3 Ba5 16. Nd5 Bxd5 17. cxd5 Bb6 18. h3 a5 19. Bb5 Qe7 20. Bc6 Rab8 21. Rc4 Bc7 22. Rc2 Bd8 23. Rfc1 g5 24. Bg3 Bb6 25. Rc4 Ba7 26. R1c2 Kg7 27. Rd2 Nh7 28. Rdc2 f6 29. Qg4 Rf7 30. Qf5 Nf8 31. Qg4 Ng6 32. R4c3 Qc7 33. Rf3 Rb6 34. b3 Nf8 35. Be8 Re7 36. Bc6 Qb8 37. Ba4 Rc7 38. Qh5 Rf7 39. Rc4 Rbb7 40. Rcc3 Ng6 41. Bc6 Rb6 42. Qg4 Qd8 43. Rc4 Rb8 44. Ra4 Ne7 45. Rd3 Nxc6 46. dxc6 Qc7 47. Qe6 Rd8 48. Qd5 h5 49. h4 g4 50. Rc3 Kg6 51. b4 axb4 52. axb4 cxb4 53. Rxb4 Bd4 54. Rcb3 Rc8 55. Rb7 Qxc6 56. Qxf7+ 1-0

[Event "LSS No Engine Cup 80 Preliminary 2"]
[Site "LSS email"]
[Date "2013.01.05"]
[Round "?"]
[White "Batres Bianchi, Luis Carlos"]
[Black "Billion, Paul"]
[Result "1-0"]
[WhiteElo "1119"]
[BlackElo "876"]
[PlyCount "99"]
[EventDate "2013.01.06"]
[EventType "tourn (corr)"]
[EventRounds "6"]
[EventCountry "GER"]
[SourceTitle "Telechess CBM 161"]
[Source "ChessBase"]
[SourceDate "2014.07.16"]
[SourceVersion "1"]
[SourceVersionDate "2014.07.16"]
[SourceQuality "1"]

1. Nf3 d5 2. b3 Nf6 3. Bb2 e6 4. d3 c5 5. Nbd2 Nc6 6. g3 Be7 7. Bg2 0-0 8. 0-0 b6 9. Re1 Bb7 10. e3 Qd7 11. c4 dxc4 12. dxc4 Qc7 13. Qc2 Nb4 14. Qb1 h6 15. a3 Nc6 16. e4 e5 17. Nh4 Nh7 18. Nf5 Bf6 19. Nf3 Rad8 20. Qc2 Ng5 21. h4 Nxf3+ 22. Bxf3 Rd7 23. Rad1 Nd4 24. Qc3 Rfd8 25. Bg2 Bc6 26. b4 Qb7 27. b5 Nxb5 28. Rxd7 Qxd7 29. cxb5 Bxb5 30. Ne3 Qc6 31. Nd5 Ba6 32. Nxf6+ gxf6 33. Qc1 Kh7 34. Rd1 Rxd1+ 35. Qxd1 Bb7 36. Qd8 Qe6 37. Qc7 Qb3 38. Bxe5 fxe5 39. Qxb7 Kg7 40. Bh3 h5 41. Qxa7 Qb1+ 42. Bf1 Qxe4 43. Qxb6 Qd4 44. Qa6 e4 45. Qc4 Qe5 46. a4 Kf6 47. a5 e3 48. Qf4+ Qxf4 49. gxf4 exf2+ 50. Kxf2 1-0

[Event "LSS No Engine Cup 80 Preliminary 2"]
[Site "LSS email"]
[Date "2013.01.05"]
[Round "?"]
[White "Billion, Paul"]
[Black "Amuso, Jose Alberto"]
[Result "1-0"]
[WhiteElo "876"]
[BlackElo "989"]
[PlyCount "103"]
[EventDate "2013.01.06"]
[EventType "tourn (corr)"]
[EventRounds "6"]
[EventCountry "GER"]
[SourceTitle "Telechess CBM 161"]
[Source "ChessBase"]
[SourceDate "2014.07.16"]
[SourceVersion "1"]
[SourceVersionDate "2014.07.16"]
[SourceQuality "1"]

1. d4 d5 2. c4 dxc4 3. Nc3 h6 4. e4 Nf6 5. Bxc4 c6 6. Nf3 Bg4 7. Be3 e6 8. 0-0 Bb4 9. e5 Bxc3 10. bxc3 Nd5 11. Bxd5 Qxd5 12. h3 Bxf3 13. Qxf3 Qxf3 14. gxf3 0-0 15. Kh2 f6 16. Rg1 Kh7 17. Rg2 fxe5 18. dxe5 Rxf3 19. Rag1 Rf7 20. Rg6 Nd7 21. Rxe6 Rg8 22. a4 Nb6 23. Bxb6 axb6 24. c4 Rgf8 25. Rg2 Rxf2 26. Re7 R2f7 27. Rxf7 Rxf7 28. e6 Re7 29. Re2 g5 30. Kg3 h5 31. Re5 Kg6 32. Kf3 Kg7 33. Rxg5+ Kh6 34. Re5 c5 35. h4 Kg6 36. Ke4 Kf6 37. Rxh5 Rxe6+ 38. Kd5 Re7 39. Rh6+ Kg7 40. Rxb6 Kf7 41. Kxc5 Rc7+ 42. Kb5 Re7 43. a5 Re5+ 44. c5 Rh5 45. Rxb7+ Ke6 46. a6 Rxh4 47. a7 Rh3 48. a8Q Ke5 49. Qe8+ Kf4 50. Rf7+ Kg3 51. Qg8+ Kh2 52. Rf2+ 1-0

[Event "LSS No Engine Cup 80 Preliminary 2"]
[Site "LSS email"]
[Date "2013.01.05"]
[Round "?"]
[White "Billion, Paul"]
[Black "Ethier, Valori"]
[Result "0-1"]
[WhiteElo "876"]
[BlackElo "1826"]
[PlyCount "60"]
[EventDate "2013.01.06"]
[EventType "tourn (corr)"]
[EventRounds "6"]
[EventCountry "GER"]
[SourceTitle "Telechess CBM 161"]
[Source "ChessBase"]
[SourceDate "2014.07.16"]
[SourceVersion "1"]
[SourceVersionDate "2014.07.16"]
[SourceQuality "1"]

1. d4 d5 2. Nf3 Nf6 3. c4 c6 4. Bf4 dxc4 5. Nc3 e6 6. a4 Nd5 7. Bg3 Bb4 8. Qc2 Qa5 9. Rc1 b5 10. e4 Nf6 11. Be2 Qxa4 12. Qxa4 bxa4 13. Bxc4 Nxe4 14. 0-0 Nxg3 15. fxg3 a3 16. bxa3 Bxa3 17. Rb1 0-0 18. Bd3 a5 19. Ng5 Be7 20. Nf3 Na6 21. Na4 Nb4 22. Be2 Rb8 23. h4 Rd8 24. Nc5 Rxd4 25. Nxe6 Bxe6 26. Nxd4 Bc5 27. Kh2 Bxd4 28. Bf3 a4 29. Rfd1 c5 30. Bc6 Nxc6 0-1

[Event "LSS No Engine Cup 80 Preliminary 2"]
[Site "LSS email"]
[Date "2013.01.05"]
[Round "?"]
[White "Lonyuk, Bohdan"]
[Black "Billion, Paul"]
[Result "1-0"]
[WhiteElo "1098"]
[BlackElo "876"]
[PlyCount "53"]
[EventDate "2013.01.06"]
[EventType "tourn (corr)"]
[EventRounds "6"]
[EventCountry "GER"]
[SourceTitle "Telechess CBM 161"]
[Source "ChessBase"]
[SourceDate "2014.07.16"]
[SourceVersion "1"]
[SourceVersionDate "2014.07.16"]
[SourceQuality "1"]

1. e4 e5 2. Nf3 Nc6 3. Bb5 Nge7 4. 0-0 a6 5. Bc4 Ng6 6. d4 exd4 7. Nxd4 Bc5 8. Nf5 Nce5 9. Bb3 0-0 10. Nc3 d6 11. Be3 Bxe3 12. Nxe3 Nh4 13. f4 Nc6 14. f5 Ne5 15. Qh5 Nxg2 16. Nxg2 c6 17. Rad1 Qf6 18. Rf2 b5 19. a3 a5 20. Rfd2 g6 21. Qe2 Rd8 22. Rf1 Qg5 23. Kh1 Bb7 24. Nf4 Ng4 25. fxg6 hxg6 26. Nxg6 Rd7 27. Rg1 1-0